La taurocracia / (Record no. 143526)

MARC details
000 -LEADER
campo de control de longitud fija 00560nam a2200193 4500
001 - NÚMERO DE CONTROL
campo de control 143526
003 - IDENTIFICADOR DE NÚMERO DE CONTROL
campo de control ES-MaACL
005 - FECHA Y HORA DE LA ÚLTIMA TRANSACCIÓN
campo de control 20251004063155.0
007 - CAMPO FIJO DE DESCRIPCIÓN FÍSICA--INFORMACIÓN GENERAL
campo de control de longitud fija t|
008 - DATOS DE LONGITUD FIJA--INFORMACIÓN GENERAL
campo de control de longitud fija 070214s1973 sp r ||||1| spa d
100 0# - ENTRADA PRINCIPAL--NOMBRE DE PERSONA
Nombre de persona Serafín,
Fechas asociadas al nombre 1926-2003
9 (RLIN) 163639
245 13 - MENCIÓN DEL TÍTULO
Título La taurocracia /
Mención de responsabilidad, etc. Serafin.
260 ## - PUBLICACIÓN, DISTRIBUCIÓN, ETC.
Lugar de publicación, distribución, etc. Barcelona :
Nombre del editor, distribuidor, etc. Planeta,
Fecha de publicación, distribución, etc. 1973.
300 ## - DESCRIPCIÓN FÍSICA
Extensión 203 p. ;
Dimensiones 20 cm.
490 1# - MENCIÓN DE SERIE
Mención de serie Biblioteca universal Planeta ;
Designación de volumen o secuencia 67
830 0# - PUNTO DE ACCESO ADICIONAL DE SERIE-TÍTULO UNIFORME
Título uniforme Biblioteca universal Planeta ;
Designación de volumen o secuencia 67
9 (RLIN) 182527
852 ## - LOCALIZACIÓN
Ubicación ES-MaACL
Número de control de estantería C-53964
Sublocalización o colección R.86645
Holdings
Estatus retirado Estado de pérdida Estado de daño No para préstamo Biblioteca de origen Biblioteca actual Ubicación en estantería Fecha de adquisición Fuente de adquisición Total de préstamos Signatura topográfica completa Código de barras Visto por última vez Precio de reemplazo Tipo de ítem Koha
        Biblioteca del Ateneo de Madrid Biblioteca del Ateneo de Madrid Depósito 2 17/01/2008     C-53964 1149327 23/02/2023 23/02/2023 Libro impreso